Keep the lights burning, abbie / (Record no. 4757)

MARC details
000 -LEADER
fixed length control field 01029nam a22003017a 4500
001 - CONTROL NUMBER
control field 4757
003 - CONTROL NUMBER IDENTIFIER
control field FISKH
005 - DATE AND TIME OF LATEST TRANSACTION
control field 20250506083943.0
008 - FIXED-LENGTH DATA ELEMENTS--GENERAL INFORMATION
fixed length control field 241007b cb ||||| |||| 00| 0 eng d
020 ## - INTERNATIONAL STANDARD BOOK NUMBER
International Standard Book Number 9780876144541
040 ## - CATALOGING SOURCE
Original cataloging agency FISKH
Language of cataloging eng
Transcribing agency FISKH
Modifying agency FISKH
050 ## - LIBRARY OF CONGRESS CALL NUMBER
Classification number VK1140.B87
082 ## - DEWEY DECIMAL CLASSIFICATION NUMBER
Edition number 387.155
100 ## - MAIN ENTRY--PERSONAL NAME
Personal name Roop, Peter
Dates associated with a name (1951-)
245 ## - TITLE STATEMENT
Title Keep the lights burning, abbie /
Statement of responsibility, etc. by Peter and Connie Roop pictures by Peter E. Hanson
250 ## - EDITION STATEMENT
Edition statement This edition is in 1985
260 ## - PUBLICATION, DISTRIBUTION, ETC.
Place of publication, distribution, etc. San Francisco :
Name of publisher, distributor, etc. Millbrook Press,
Date of publication, distribution, etc. 1985.
300 ## - PHYSICAL DESCRIPTION
Extent 40 pages :
Other physical details Color illustrations ;
Dimensions 22 cm
505 ## - FORMATTED CONTENTS NOTE
Formatted contents note I<br/>
520 ## - SUMMARY, ETC.
Summary, etc. In the winter of 1856, a storm delays the lighthouse keeper's return to an island off the coast of Maine, and his daughter Abbie must keep the lights burning by herself.
521 8# - TARGET AUDIENCE NOTE
Target audience note 460L<br/>
Source Lexile<br/>
521 8# - TARGET AUDIENCE NOTE
Target audience note I<br/>
Source Raz-Plus<br/>
650 ## - SUBJECT ADDED ENTRY--TOPICAL TERM
Source of heading or term Lighthouses
Topical term or geographic name entry element Sonlight
650 ## - SUBJECT ADDED ENTRY--TOPICAL TERM
Source of heading or term Biography
Topical term or geographic name entry element Early reader
700 ## - ADDED ENTRY--PERSONAL NAME
Personal name E.Hanson, Peter
Dates associated with a name Illustrator
942 ## - ADDED ENTRY ELEMENTS (KOHA)
Source of classification or shelving scheme Dewey Decimal Classification
Koha item type Books
Suppress in OPAC No
Holdings
Withdrawn status Lost status Source of classification or shelving scheme Damaged status Not for loan Collection Home library Current library Shelving location Date acquired Total Checkouts Full call number Barcode Date last seen Date last checked out Copy number Price effective from Koha item type
    Dewey Decimal Classification     Juvenile Fiction Footprints International School Library Network Toul Kork Campus Footprints International School Library Network Toul Kork Campus TK Primary Library Room(4th Floor), Bookcase 5&6, Shelves 33-56, Orange Books 10/07/2024 1 ROO 387.155 VK1140.B87 2024-2101 11/06/2024 10/23/2024 1 10/07/2024 Books
    Dewey Decimal Classification     Juvenile Fiction Footprints International School Library Network Toul Tom Poung Campus Footprints International School Library Network Toul Tom Poung Campus TTP Primary Orange Bookshelves 05/06/2025   ROO 387.155 VK1140.B87 2025-1142 05/06/2025   2 05/06/2025 Books